| 000 -CABECERA |
| fixed length control field |
00784nam a22002057a 4500 |
| 003 - IDENTIFICADOR DEL NÚMERO DE CONTROL |
| control field |
AR-CdUCM |
| 008 - DATOS DE LONGITUD FIJA--INFORMACIÓN GENERAL |
| fixed length control field |
190404b ||||| |||| 00| 0 spa d |
| 040 ## - FUENTE DE LA CATALOGACIÓN |
| Agencia/entidad que catalogó originalmente la obra |
MUNICIPALIDAD PROVINCIAL DEL CUSCO |
| Entidad que transcribió la catalogación |
BIBLIOTECA MUNICIPAL DEL CUSCO |
| 082 ## - NÚMERO DE LA CLASIFICACIÓN DECIMAL DEWEY |
| No. de la edición |
3ed. |
| No. de Clasificación |
615.402 / |
| Notacion interna |
AU88 / 1940 |
| 100 ## - ENTRADA PRINCIPAL--NOMBRE DE PERSONA |
| Nombre Personal |
Auais, Simon Jose |
| 245 ## - MENCIÓN DE TÍTULO |
| Título |
Manual practico del farmacéutico / |
| 260 ## - PUBLICACIÓN, DISTRIBUCIÓN, ETC. |
| Lugar de publicación, distribución, etc. |
México D. F. : |
| Nombre de la editorial, distribuidor, etc. |
Editora Nacional, |
| Fecha de publicación, distribución, etc. |
1940. |
| 300 ## - DESCRIPCIÓN FÍSICA |
| Nº de Páginas Extensión |
670 paginas ; |
| Dimensiones |
16 cm. |
| 505 ## - NOTA DE CONTENIDO CON FORMATO |
| Nota de contenido formateada |
Contenido :Pesos y medidas -- Balanzas -- Pesos troy -- Medidas empíricas -- Medidas de capacidad inglesas y americanas -- Medida de longitud... |
| 650 ## - PUNTO DE ACCESO ADICIONAL DE MATERIA--TÉRMINO DE MATERIA |
| Descriptor |
Densimetros |
| 9 (RLIN) |
28800 |
| 650 ## - PUNTO DE ACCESO ADICIONAL DE MATERIA--TÉRMINO DE MATERIA |
| Descriptor |
Equivalencia de grados |
| 9 (RLIN) |
28801 |
| 650 ## - PUNTO DE ACCESO ADICIONAL DE MATERIA--TÉRMINO DE MATERIA |
| Descriptor |
Alcohometro centesimal |
| 9 (RLIN) |
28802 |
| 942 ## - ELEMENTOS DE PUNTO DE ACCESO ADICIONAL (KOHA) |
| Fuente de clasificación |
|
| Tipo de item |
Libros-BMC |
| 945 ## - PROCESAMIENTO DE INFORMACIÓN LOCAL (OCLC) |
| Catalogador |
wnts |